Guess the Year From the Movies #6 - Statistics

General Stats
  • This quiz has been taken 80 times
  • The average score is 9 of 10
Answer Stats
Hint Answer % Correct
Ice Age / Spider-Man / The Pianist / Catch Me If You Can 2002
99%
Mission: Impossible / Jerry Maguire / Space Jam / The English Patient 1996
97%
Interstellar / The Grand Budapest Hotel / Maleficent / Gone Girl 2014
97%
Back to the Future / Out of Africa / The Goonies / The Breakfast Club 1985
93%
The Godfather / Deliverance / Cabaret / Solaris 1972
89%
Tenet / Hamilton / Palm Springs / Enola Holmes 2020
88%
Ben-Hur / Some Like It Hot / Sleeping Beauty / Imitation of Life 1959
87%
Citizen Kane / The Maltese Falcon / Dumbo / Sullivan's Travels 1941
79%
The Artist / Crazy, Stupid, Love / Bridesmaids / Limitless 2011
75%
Cinderella / All About Eve / Sunset Boulevard / Rashomon 1950
70%
No matching quizzes found
Score Distribution
Percent of People with Each Score
Percentile by Number Answered
Your Score History
You have not taken this quiz